| 000 | 00325nam a22001217a 4500 | ||
|---|---|---|---|
| 008 | 140514t xxu||||| |||| 00| 0 eng d | ||
| 020 | _a0-935702-49-0 | ||
| 100 |
_aVictor A. Bloomfield _9845 |
||
| 245 |
_aNucleic Acids _bStructures, Properties, And Functions |
||
| 246 | _anucleic acids | ||
| 300 | _a794 | ||
| 942 |
_2ddc _cBK |
||
| 999 |
_c479528 _d479528 |
||